| 000 | 00751nam a2200277Ia 4500 | ||
|---|---|---|---|
| 001 | 8223 | ||
| 005 | 20240113234056.0 | ||
| 007 | ta | ||
| 008 | 050718s1978 a g b000 u eng u | ||
| 020 | _a0416-29630-0 | ||
| 040 | _aCotton College,Assam | ||
| 041 | _aeng | ||
| 082 |
_a910 _bCh 456 So |
||
| 100 | _aChorley, R.J. . | ||
| 245 | 0 |
_aSocio-Economic Models in Geography / _cR.J. Chorley, P. Haggett. _hTextual Documents |
|
| 250 | _a1st ed. / | ||
| 260 |
_aLondon : _bMethuen & Co Ltd , _c1978. |
||
| 300 |
_a468p. : _bill. ; _c22cm . |
||
| 653 | _aGeography-Socio-Economic | ||
| 653 | _aEconomic geography | ||
| 653 | _aPG-Geography | ||
| 700 | _aHaggett, P. . | ||
| 942 |
_2ddc _cBK |
||
| 999 |
_c8210 _d8210 |
||